Rozpoznaj 100 miast Europy po zdjęciach - Statystyki

Ogólne statystyki
  • Ten quiz został rozwiązany 77 razy
  • Średni wynik to 23 z 100
Statystyki odpowiedzi
Obrazkowy Odpowiedź % Poprawnych
Moskwa
98%
Paryż
82%
Ateny
80%
Berlin
80%
Sankt Petersburg
80%
Wenecja
80%
Londyn
78%
Piza
78%
Rzym
78%
Warszawa
76%
Barcelona
73%
Kraków
67%
Gdańsk
63%
Kopenhaga
57%
Florencja
55%
Bruksela
49%
Budapeszt
49%
Bukareszt
43%
Mediolan
43%
Madryt
39%
Wrocław
37%
Bratysława
33%
Lizbona
31%
Monako
29%
Sofia
29%
Praga
27%
Helsinki
25%
Kolonia
25%
Szczecin
25%
Dubrownik
24%
Monachium
24%
Mostar
24%
Wiedeń
24%
Sewilla
22%
Tallin
22%
Bergen
20%
Oslo
20%
Ryga
20%
Wołgograd
20%
Drezno
18%
Porto
18%
Sztokholm
18%
Troki
18%
Zagrzeb
18%
Amsterdam
16%
Grenada
16%
Turyn
14%
Wilno
14%
Brugia
12%
Hamburg
12%
Malmo
12%
Marsylia
12%
Salzburg
12%
Saloniki
10%
Strasburg
10%
Innsbruck
8%
Kijów
8%
Lublana
8%
Lwów
8%
Ołomuniec
8%
Rotterdam
8%
Sintra
8%
Stambuł
8%
Antwerpia
6%
Brema
6%
Kalmar
6%
Królewiec
6%
Odessa
6%
Oxford
6%
Psków
6%
Saragossa
6%
Skopje
6%
Trondheim
6%
York
6%
Zurych
6%
Bazylea
4%
Belgrad
4%
Braszów
4%
Edynburg
4%
Graz
4%
Kazań
4%
Koszyce
4%
Liverpool
4%
Lyon
4%
Manchester
4%
Maribor
4%
Split
4%
Toledo
4%
Tromso
4%
Tuluza
4%
Turku
4%
Berno
2%
Celje
2%
Dublin
2%
Grenoble
2%
Haga
2%
Kotor
2%
Luksemburg
2%
Utrecht
2%
Orebro
0%
Nie znaleziono quizów pasujących do podanych kryteriów
Rozkład punktacji
Procent ludzi z każdym wynikiem
Percentyl według liczby udzielonych odpowiedzi
Twoja historia wyników
Nie rozwiązałeś tego quizu